La escolarización de la vida cotidiana: de la sociedad al mercado
Guardado en:
| 主要作者: | |
|---|---|
| 格式: | Texto |
| 出版: |
San José :
|
| 主題: | |
| 標簽: |
添加標簽
沒有標簽, 成為第一個標記此記錄!
|
MARC
| LEADER | 00000 a a2200000 04500 | ||
|---|---|---|---|
| 001 | 18836 | ||
| 003 | |||
| 040 | |||
| 090 | |a 144516 | ||
| 100 | |a Pardo Angulo, Marta Eugenia | ||
| 245 | |a La escolarización de la vida cotidiana: de la sociedad al mercado | ||
| 260 | |a San José : | ||
| 300 | |a 22 p. | ||
| 650 | |a EDUCACION | ||
| 650 | |a ASPECTOS EDUCATIVOS | ||
| 650 | |a SISTEMAS DE ENSEÑANZA | ||
| 650 | |a ESCOLARIDAD | ||
| 650 | |a CALIDAD DE LA VIDA | ||
| 650 | |a DESARROLLO HUMANO | ||
| 999 | |c 11822 |d 11822 | ||
